00414nam a22001457a 4500003000400000008004100004020001800045082001400063100002100077245006000098260003800158300000800196650004200204700002200246OSt250227b |||||||| |||| 00| 0 eng d a9781543343991 a615.7 GOC aGollpudi, Rajesh aConcise cource in Biopharmaceutics and Pharmacokinetics aJalanderbS.Vikas & Companyc2020 a221 aBiopharmaceutical and Pharmacokintics aSujitha, Paladugu